Library Banner

The way to happiness (Record no. 25247)

MARC details
000 -LEADER
fixed length control field 00505nam a2200181Ia 4500
001 - CONTROL NUMBER
control field 25064
008 - FIXED-LENGTH DATA ELEMENTS--GENERAL INFORMATION
fixed length control field 140411s9999 xx 000 0 und d
040 ## - CATALOGING SOURCE
Transcribing agency PK-LaUMT
082 ## - DEWEY DECIMAL CLASSIFICATION NUMBER
Classification number 152.42
Item number MAS-W
100 ## - MAIN ENTRY--PERSONAL NAME
Personal name Ghalib Ahmad Masri
245 #4 - TITLE STATEMENT
Title The way to happiness
Statement of responsibility, etc Ghalib Ahmad Masri<>Nathif Jama Adam
260 ## - PUBLICATION, DISTRIBUTION, ETC. (IMPRINT)
Place of publication, distribution, etc Riyadh,Saudi Arabia:
Name of publisher, distributor, etc The Cooperation Office for Call & Guidance at Al-B,
Date of publication, distribution, etc NA
300 ## - PHYSICAL DESCRIPTION
Extent 135 p.
546 ## - LANGUAGE NOTE
Language note EN
650 ## - SUBJECT ADDED ENTRY--TOPICAL TERM
Topical term or geographic name as entry element Pleasure
700 ## - ADDED ENTRY--PERSONAL NAME
Personal name Nathif Jama Adam
942 ## - ADDED ENTRY ELEMENTS (KOHA)
Koha item type Books
Holdings
Withdrawn status Lost status Damaged status Not for loan Home library Current library Date acquired Total Checkouts Full call number Barcode Date last seen Date checked out Price effective from Koha item type
        UMT Main Campus UMT Main Campus 2014-04-11 1 152.42 MAS-W 28133 2019-12-05 2019-11-23 2014-04-24 Books